| 000 | 00802nam a22002057a 4500 | ||
|---|---|---|---|
| 003 | OSt | ||
| 005 | 20260213085844.0 | ||
| 008 | 240817b ||||| |||| 00| 0 eng d | ||
| 040 | _c0 | ||
| 082 | _aDPer 364.05 J826 Summer-Fall 2020 v. 110 n. 3-4 | ||
| 100 |
_aArmstrong, Keith. _eauthor. _958101 |
||
| 245 |
_a"You may be down and out, but you ain't beaten" : _bcollective Bargaining for incarcerated workers / _cKeith Armstrong. |
||
| 260 |
_aEvanston ; _bNorthwestern University Press , _cSummer 2020. |
||
| 300 |
_aVolume 110, pages 593-622 ; _c26 cm. |
||
| 500 | _aThe Journal of Criminal Law & Criminology, vol. 110, no. 3, pages 593-622, Summer 2020. | ||
| 650 | 0 |
_aPrisoners. _944011 |
|
| 650 | 0 |
_aConstitutions. _957200 |
|
| 700 |
_aArmstrong, Keith. _eauthor. _958101 |
||
| 942 |
_2ddc _cPER |
||
| 999 |
_c20573 _d20573 |
||